[Event "XingQiu Open"]
[Site "Lishui CHN"]
[Date "2009.09.18"]
[Round "2"]
[White "Yu Lie"]
[Black "Wen Yang"]
[Result "1/2-1/2"]
[WhiteElo "2328"]
[BlackElo "2538"]

1.c4 e5 2.g3 Nf6 3.Bg2 d5 4.cxd5 Nxd5 5.Nc3 Nb6 6.Nf3 Nc6 7.d3 Be7 8.O-O O-O
9.a3 Be6 10.Be3 f6 11.b4 Bf7 12.Qc2 Re8  1/2-1/2

[Event "TCh-ROU w Superliga"]
[Site "Eforie Nord ROU"]
[Date "2009.09.19"]
[Round "1"]
[White "Foisor,C"]
[Black "Plass,M"]
[Result "1-0"]
[WhiteElo "243"]
[BlackElo "2127"]

1.c4 e5 2.g3 Nc6 3.Bg2 g6 4.Nc3 Bg7 5.d3 Nge7 6.e3 d6 7.Nge2 O-O 8.Rb1 a5
9.O-O Be6 10.Nd5 f5 11.f4 Qd7 12.a3 Rae8 13.Bd2 b6 14.b4 axb4 15.axb4 b5
16.cxb5 Nxd5 17.bxc6 Qxc6 18.Qc1 Qb6 19.b5 Rc8 20.Qc6 Ne7 21.Qxb6 cxb6 22.Bb4 Rfd8
23.Rfc1 Rxc1+ 24.Rxc1 Bf8 25.e4 exf4 26.Nxf4 Bd7 27.Bxd6 Bxb5 28.e5 Bd7 29.d4 g5
30.Nh5 Kf7 31.Nf6 Ng6 32.Bc7 Ke7 33.Nd5+ Ke8 34.Nxb6 Ba3 35.Rb1 f4 36.Bxd8 Kxd8
37.Nxd7 Kxd7 38.Be4 fxg3 39.hxg3 Nf8 40.Kg2 h5 41.d5 Kc7 42.Bf5  1-0

[Event "TCh-ROU Superliga"]
[Site "Eforie Nord ROU"]
[Date "2009.09.19"]
[Round "1"]
[White "Doncea,V"]
[Black "Manescu,T"]
[Result "1/2-1/2"]
[WhiteElo "2492"]
[BlackElo "2393"]

1.c4 e5 2.g3 Nf6 3.Bg2 c6 4.d4 d6 5.Nc3 Nbd7 6.Nf3 g6 7.O-O Bg7 8.Bg5 Qc7
9.c5 dxc5 10.dxe5 Nxe5 11.Nxe5 Qxe5 12.Bf4 Qe6 13.Qd6 Qxd6 14.Bxd6 c4 15.a4 a5
16.e4 Bf8 17.Bc7 Be6 18.Rad1 Bb4 19.Be5 Ke7 20.Bd4 Rhd8 21.h3 Rd7 22.e5 Nd5
23.Ne4 Bf5 24.Nc5 Rc7 25.g4 Bc2 26.Rc1 b6 27.Na6 Rxa6 28.Rxc2 Nf4 29.Rxc4 Ne2+
30.Kh2 Nxd4 31.Rxd4 Ra8 32.Rfd1 Bc5 33.Rd6 Bxf2 34.Bxc6 Rac8 35.Bd7 Rd8 36.Be6 Re8
37.Bb3 Kf8 38.e6 fxe6 39.Bxe6 Bc5 40.Rd7 Rxd7 41.Bxd7 b5  1/2-1/2

[Event "TCh-FIN 2009-10"]
[Site "Finland FIN"]
[Date "2009.09.19"]
[Round "1"]
[White "Kauko,J"]
[Black "Pulkkinen,K"]
[Result "0-1"]
[WhiteElo "2282"]
[BlackElo "2277"]

1.c4 e5 2.g3 Nf6 3.Bg2 c6 4.Nf3 e4 5.Nd4 d5 6.cxd5 Qxd5 7.Nc2 Qh5 8.Nc3 Bh3
9.O-O Bc5 10.d4 exd3 11.Qxd3 Nbd7 12.Bxh3 Qxh3 13.Qf3 O-O 14.Qg2 Qh5 15.Be3 Rfe8
16.Rad1 Bxe3 17.Nxe3 Qc5 18.Rd2 Rxe3 19.Rxd7 Rxc3 20.Rxb7 Rc1 21.Qf3 Rxf1+
22.Kxf1 Qd5 23.Kg2 h6 24.Rc7 a5 25.Rxc6 Qxf3+ 26.Kxf3 Kf8 27.e4 Ke7 28.Kf4 Rb8
29.Rc2 Rb4 30.f3 Ke6 31.Ke3 Nd7 32.Rc6+ Ke7 33.Rc2 a4 34.f4 Nf6 35.e5 Nd5+
36.Kd3 Rb7 37.a3 Rb3+ 38.Ke4 Nb6 39.Kd4 Nd7 40.Kd5 Rd3+ 41.Kc4 Rb3 42.Kd5 g5
43.Ke4 Rb5 44.h4 gxf4 45.gxf4 Nc5+ 46.Kd4 Ne6+ 47.Ke4 Rc5 48.Rf2 Rc4+ 49.Kf5 h5
50.Rf1 Rc2 51.Re1 Rxb2 52.Re4 Ng7+ 53.Kg5 Rg2+ 54.Kh6 Nf5+ 55.Kh7 Nxh4 56.Rxa4 Nf5
57.Ra7+ Ke6 58.Ra6+ Kd5 59.Rf6 Ke4 60.Rxf7 Kxf4 61.e6 Re2 62.Rf6 h4 63.Kg6 Rg2+
64.Kf7 h3 65.Kf8 h2  0-1

[Event "Uxbridge Congress Open"]
[Site "Uxbridge ENG"]
[Date "2009.09.19"]
[Round "3"]
[White "Griffiths,R"]
[Black "Andreev,Pete"]
[Result "1-0"]
[WhiteElo "2144"]
[BlackElo "1895"]

1.c4 e5 2.g3 Nc6 3.Bg2 Nge7 4.Nc3 d6 5.d3 g6 6.e4 Bg7 7.Nge2 O-O 8.O-O Be6
9.Nd5 f5 10.Bg5 h6 11.Bxe7 Nxe7 12.Nxe7+ Qxe7 13.exf5 gxf5 14.f4 c6 15.Qd2 Rad8
16.Rae1 d5 17.fxe5 dxc4 18.d4 Bxe5 19.Qxh6 Bg7 20.Qc1 Qf7 21.g4 Bxd4+ 22.Nxd4 Rxd4
23.Qg5+ Kh8 24.Qh6+ Kg8 25.Rxe6 Rxg4 26.Rfe1 f4 27.R1e5 Qg7 28.Qxg7+ Rxg7
29.Kf2 Rh7 30.h3 f3 31.Bf1 Kh8 32.Re8 Rf7 33.Bxc4 Rf6 34.Rxf8+ Rxf8 35.Re7 b5
36.Bd3 a6 37.h4 Rd8 38.Re3 c5 39.Kxf3 c4 40.Bg6 Rd2 41.Re2 Rd4 42.h5 b4 43.h6 Rd8
44.Re8+ Rxe8 45.Bxe8 Kh7 46.Bf7 c3 47.bxc3 bxc3 48.Ke3 Kxh6 49.Kd3 Kg7 50.Bc4 Kf6
51.Bxa6  1-0

[Event "Uxbridge Congress Open"]
[Site "Uxbridge ENG"]
[Date "2009.09.19"]
[Round "3"]
[White "Cox,JohnJ"]
[Black "Williams,Pe"]
[Result "1-0"]
[WhiteElo "2378"]
[BlackElo "1961"]

1.c4 e5 2.g3 Nf6 3.Bg2 Nc6 4.Nc3 Bb4 5.Nd5 Nxd5 6.cxd5 Ne7 7.Nf3 e4 8.Nd4 f5
9.O-O Bc5 10.Nb3 d6 11.d3 exd3 12.Nxc5 dxc5 13.Qxd3 Ng6 14.Qc3 O-O 15.Qxc5 Re8
16.e3 b6 17.Qd4 Bb7 18.b3 Qe7 19.Bb2 Rad8 20.Qc4 Qf7 21.Rfd1 Ne5 22.Bxe5 Rxe5
23.Rac1 Bxd5 24.Qxc7 Qe8 25.Bxd5+ Rexd5 26.Rxd5 Rxd5 27.Qc4 Qe6 28.Qc8+ Qxc8
29.Rxc8+ Kf7 30.Rc7+ Kf6 31.Rxa7 h6 32.Ra6 Rd6 33.Kf1 Ke5 34.Ke2 g5 35.f4+ Kd5
36.Ra4 Ke6 37.Rd4 Rc6 38.Kd2 g4 39.a4 Rc7 40.e4 fxe4 41.Rxe4+ Kf6 42.Rc4 Rd7+
43.Kc3  1-0

[Event "TCh-FIN 2009-10"]
[Site "Finland FIN"]
[Date "2009.09.20"]
[Round "2"]
[White "Hentunen,A"]
[Black "Binham,T"]
[Result "1/2-1/2"]
[WhiteElo "2327"]
[BlackElo "2310"]

1.c4 e5 2.g3 f5 3.Bg2 Nf6 4.Nc3 Bb4 5.Nd5 Nxd5 6.cxd5 O-O 7.Qb3 a5 8.a3 Bc5
9.Qc4 d6 10.Nf3 e4 11.Nd4 Qf6 12.Nb3 Bb6 13.d3 Nd7 14.O-O Ne5 15.Qc3 a4 16.Nd2 exd3
17.exd3 f4 18.Ne4 Qg6 19.Bxf4 Rxf4 20.gxf4 Nf3+ 21.Kh1 Qh5 22.h3 Bxh3 23.Ng3 Qg4
24.d4 Nh4 25.Rg1 Bxg2+ 26.Rxg2 Nf3 27.Nf1 Qxf4 28.Qe3 Qh4+ 29.Nh2 Rf8 30.Qe6+ Kh8
31.Qg4 Qh6 32.Rd1 Bxd4 33.Rxd4 Qc1+ 34.Rg1 Nxg1 35.Qxg1 Qxb2 36.Rxa4 Qd2
37.f3 Qxd5 38.Qd4 Qxd4 39.Rxd4 Kg8 40.Kg2 Ra8 41.Rd3 Kf7 42.Re3 d5 43.Ng4 d4
44.Rb3 b6 45.Rb4 Rd8 46.Kf2 h5 47.Ne5+ Kf6 48.Nc6 Rd6 49.Rc4 d3 50.Ke1 d2+
51.Kd1 g5 52.Nb4 c5 53.Nc2 Rd3 54.a4 h4 55.Rg4 Kf5 56.Rg2 Kf4 57.Rg4+ Kxf3
58.Rxg5 h3 59.Rh5 Kg2 60.Rg5+ Rg3 61.Ne3+ Kf3 62.Rxg3+ Kxg3 63.Kxd2 Kf3 64.Nf1 Kf2
65.Nh2 Kg2 66.Ng4 Kg3 67.Ne3 c4 68.Kc3 Kf3 69.Nf1 Kg2  1/2-1/2

[Event "Bolungarvik Open"]
[Site "Reykjavik ISL"]
[Date "2009.09.21"]
[Round "2"]
[White "Miezis,N"]
[Black "Johannesson,I"]
[Result "1-0"]
[WhiteElo "2558"]
[BlackElo "2323"]

1.c4 e5 2.g3 Nc6 3.Bg2 Nf6 4.Nc3 Bb4 5.Nd5 Bc5 6.e3 O-O 7.Ne2 Re8 8.O-O Bf8
9.f4 Nxd5 10.cxd5 Nb4 11.fxe5 Nd3 12.Qb3 Nxe5 13.d4 Ng4 14.d6 Bxd6 15.Rxf7 Kh8
16.e4 Bf8 17.h3 Nf6 18.Bg5 d6 19.Rf1 Be7 20.Nf4 c6 21.Nh5 h6 22.Bxf6 Bxf6
23.R1xf6 gxf6 24.Rh7+ Kxh7 25.Qf7+ Kh8 26.Qg7+  1-0

[Event "TCh-ROU w Superliga"]
[Site "Eforie Nord ROU"]
[Date "2009.09.22"]
[Round "4"]
[White "Marin,Ir"]
[Black "Gheorghe,C"]
[Result "1/2-1/2"]
[WhiteElo "2164"]
[BlackElo "2228"]

1.c4 e5 2.g3 Nf6 3.Bg2 c6 4.d4 exd4 5.Qxd4 d5 6.Nf3 Be6 7.cxd5 cxd5 8.Nc3 Nc6
9.Qa4 Bc5 10.O-O O-O 11.Bg5 h6 12.Bxf6 Qxf6 13.e4 d4 14.Nd5 Bxd5 15.exd5 Ne7
16.Rac1 Rac8 17.Nd2 Bb6 18.Nc4 Rcd8 19.d6 Nf5 20.Nxb6 axb6 21.d7 Qd6 22.Bh3 Ne7
23.Rfd1 Nc6 24.Rxc6 bxc6 25.Rxd4 Qe5 26.Qd1 f5 27.Qb3+ Rf7 28.Rd1 Kf8 29.Qxb6 Rfxd7
30.Rxd7 Rxd7 31.Qxc6 Ke7 32.a4 Rc7 33.Qf3 g6 34.Bf1 Qxb2 35.Qe3+ Kf6 36.Qxh6 Qb6
37.h4 Rc2 38.Qg5+ Kf7 39.Qf4 Qb1 40.Kg2 Qb7+ 41.Qf3 Qxf3+ 42.Kxf3 Rc3+ 43.Kf4 Ra3
44.Bb5 Kf6 45.f3 Rb3 46.Be8 Rc3 47.Bb5 Rb3  1/2-1/2

[Event "TCh-ROU w Superliga"]
[Site "Eforie Nord ROU"]
[Date "2009.09.23"]
[Round "5"]
[White "Sevastian,I"]
[Black "Zdebskaja,N"]
[Result "0-1"]
[WhiteElo "1832"]
[BlackElo "2410"]

1.c4 e5 2.g3 Nc6 3.Bg2 Bc5 4.Nc3 Nf6 5.a3 a6 6.e3 d6 7.b4 Ba7 8.Bb2 O-O 9.Nge2 Bf5
10.d3 Qd7 11.O-O Bh3 12.d4 exd4 13.Nxd4 Bxg2 14.Kxg2 Nxd4 15.exd4 Qc6+ 16.Qf3 Qxc4
17.Qxb7 d5 18.b5 Rfb8 19.Qc6 Qxc6 20.bxc6 Rxb2 21.Rab1 Rxb1 22.Rxb1 Bxd4  0-1

[Event "TCh-ISL 2009-10"]
[Site "Rekjavik ISL"]
[Date "2009.09.25"]
[Round "1"]
[White "Skousen,N"]
[Black "Thorsteinsson,B"]
[Result "1/2-1/2"]
[WhiteElo "2286"]
[BlackElo "2229"]

1.c4 e5 2.g3 Nf6 3.Bg2 Nc6 4.Nc3 Be7 5.Nf3 O-O 6.O-O Re8 7.d4 exd4 8.Nxd4 Nxd4
9.Qxd4 d6 10.h3 h6 11.g4 Nd7 12.Nd5 Bf8 13.b4 c6 14.Nf4 Qf6 15.Qxf6 Nxf6
16.Bb2 g5 17.Bxf6 gxf4 18.Bf3 Be6 19.b5 Rac8 20.bxc6 bxc6 21.Rac1 d5 22.c5 Bg7
23.Bxg7 Kxg7 24.Rfd1 f5 25.Rd4 fxg4 26.hxg4 Rf8 27.Ra4 Rc7 28.Kg2 Kg6 29.Rh1 Rb7
30.Ra6 Rc8 31.Rh5 Kg7 32.Rh1 Kg6 33.Rh5 Kg7 34.e3 fxe3 35.fxe3 Rf7 36.Kg3 Re7
37.Re5 Kf6 38.Kf4 Rd7 39.Rh5 Kg7 40.Ke5 Bf7 41.Rh2 Re8+ 42.Kd4 Re6 43.Ra3 Bg6
44.Rh3 Rde7 45.Be2 Be4 46.Bf1 Bg6 47.Bd3 Be4 48.Ra6 Kg6 49.Be2 Kg7 50.Ra3 Bg6
51.Bd3 Be4 52.Bf1 Bg6 53.Bd3 Be4 54.Bf1 Bg6 55.Bd3 Be4 56.Ra6 Kg6 57.Bxe4+ Rxe4+
58.Kd3 R4e6 59.Ra4 Re4 60.Ra6 Rc7 61.Rh5 Rxg4 62.Rxd5 Kf7 63.Rd6 Rg6 64.e4 h5
65.e5 h4 66.Ke4 h3 67.Ra3 Rg4+ 68.Kf5 Rh4 69.Rf6+ Ke7 70.Re6+ Kf7 71.Rf6+ Ke7
72.Re6+ Kf7 73.Rf6+ Ke7 74.Re6+ Kf7 75.Rf6+ Ke7  1/2-1/2

[Event "TCh-ISL 2009-10"]
[Site "Rekjavik ISL"]
[Date "2009.09.26"]
[Round "3"]
[White "Bjarnason,S"]
[Black "Thorgeirsson,S"]
[Result "0-1"]
[WhiteElo "2171"]
[BlackElo "2142"]

1.c4 e5 2.g3 Nc6 3.Bg2 g6 4.Nc3 Bg7 5.e3 Nge7 6.Nge2 O-O 7.O-O d6 8.Rb1 Bf5
9.d3 Qd7 10.b4 Bh3 11.b5 Bxg2 12.Kxg2 Nd8 13.Bb2 Ne6 14.Nd5 f5 15.f4 Nxd5
16.cxd5 Nc5 17.Ba3 e4 18.Bxc5 exd3 19.Qxd3 dxc5 20.Qc4 Qd6 21.Rfc1 b6 22.Qd3 Rad8
23.Rd1 Rfe8 24.Kf2 Re4 25.Nc3 Bxc3 26.Qxc3 Rde8 27.Rd3 c4 28.Rd4 Rxd4 29.Qxd4 Re4
30.Qd2 Qc5 31.Rc1 Qxb5 32.Rd1 Qc5 33.Qc3 b5 34.a3 a5 35.Rb1 Qxd5 36.Qxa5 c3
37.Qxc3 Rc4 38.Qb3 Kg7 39.Qd1 Qc5 40.Qd7+ Kh6 41.Qxb5 Rc2+ 42.Kf3 Qxa3 43.Qb3 Qa8+
44.Qb7 Qa2 45.g4 Rxh2  0-1

[Event "Highlands Open"]
[Site "Zdar nad Sazavou CZE"]
[Date "2009.09.27"]
[Round "2"]
[White "Gorbatov,A"]
[Black "Malecek,J"]
[Result "1-0"]
[WhiteElo "2378"]
[BlackElo "2062"]

1.c4 e5 2.g3 Nc6 3.Bg2 d6 4.Nc3 g6 5.Rb1 Bg7 6.b4 f5 7.b5 Nce7 8.e3 Nf6 9.Nge2 O-O
10.O-O c6 11.bxc6 bxc6 12.Ba3 Be6 13.Qa4 Qc7 14.d4 e4 15.Rfc1 Rab8 16.Rxb8 Rxb8
17.d5 Bd7 18.dxc6 Bxc6 19.Nb5 Bxb5 20.cxb5 Qd7 21.Nd4 Ng4 22.Nc6 Nxc6 23.bxc6 Qc7
24.Bb4 Rc8 25.Qb3+ Kh8 26.Qd5 Be5 27.Ba5 Qb8 28.Qe6 Rf8 29.c7  1-0

[Event "ch-ChessClub A"]
[Site "Reykjavik ISL"]
[Date "2009.10.09"]
[Round "7"]
[White "Fridjonsson,J"]
[Black "Ptacnikova,L"]
[Result "0-1"]
[WhiteElo "2216"]
[BlackElo "2285"]

1.c4 e5 2.g3 Nc6 3.Bg2 Nf6 4.Nf3 d5 5.cxd5 Nxd5 6.O-O Nb6 7.b3 g6 8.Nc3 Bg7
9.Ba3 Ne7 10.Rc1 O-O 11.d4 exd4 12.Nb5 Nbd5 13.Nfxd4 a6 14.Bxe7 Qxe7 15.e4 Ne3
16.fxe3 axb5 17.Nxb5 c6 18.Qd6 Qg5 19.Nc7 Qxe3+ 20.Kh1 Rxa2 21.Rce1 Qc3 22.g4 Qe5  0-1

[Event "Open"]
[Site "Liberec CZE"]
[Date "2009.10.25"]
[Round "2"]
[White "Koch,Ma"]
[Black "Strzelczyk,A"]
[Result "1/2-1/2"]
[WhiteElo "2135"]
[BlackElo "1819"]

1.c4 e5 2.g3 Nf6 3.Bg2 Nc6 4.Nc3 Bb4 5.Nd5 Nxd5 6.cxd5 Ne7 7.Nf3 Ng6 8.a3 Bc5
9.b4 Bb6 10.Bb2 d6 11.d4 exd4 12.O-O O-O 13.h3 f5 14.Bxd4 f4 15.a4 fxg3 16.fxg3 Qe7
17.a5 Bxd4+ 18.Qxd4 Bf5 19.Qc4 Be4 20.Rac1 Rac8 21.Qd4 a6 22.Rc4 Bxf3 23.exf3 Rfe8
24.Rfc1 Ne5 25.R4c3 Qf7 26.f4 Ng6 27.h4 Qd7 28.h5 Nf8 29.h6 Re7 30.hxg7 Rxg7
31.Re3 Re8 32.Rce1 Rxe3 33.Rxe3 Re7 34.Bh3 Qe8 35.Be6+ Nxe6 36.Qe4 Qg6 37.f5 Qf6
38.fxe6 Qa1+ 39.Kg2 Qb2+ 40.Re2 Qf6 41.Rf2 Qe5 42.Qf3 Qg7 43.Qh5 Qg6 44.Qh4 Qg7
45.Rf4 Kh8 46.Rf5 Qb2+ 47.Kh3 Qg7 48.Qf4 Re8 49.Rf7 Qg6 50.Rxc7 Qh5+ 51.Kg2 Qxd5+
52.Qf3 Qa2+ 53.Kh1 Qb1+ 54.Kh2 Qa2+ 55.Kg1 Qa1+ 56.Qf1 Qd4+ 57.Qf2 Qd1+ 58.Kh2 Qh5+
59.Kg2 Qd5+ 60.Qf3 Qa2+ 61.Kh1 Qb1+ 62.Kh2 Qa2+ 63.Qg2 Qxe6 64.Qb2+ Qe5 65.Qxe5+ Rxe5
66.Kg2 Rb5 67.Rd7 Rxb4 68.Rxd6 Rb5 69.Rd7 Rxa5 70.Rxb7 Re5 71.Ra7 a5 72.Kf3 Rb5
73.g4 Kg8 74.Kf4 Rb4+ 75.Kf5 a4 76.g5 Rb5+ 77.Kf6 Rb6+ 78.Kf5 Rb5+  1/2-1/2

[Event "13th OIBM"]
[Site "Bad Wiessee GER"]
[Date "2009.11.02"]
[Round "4"]
[White "Nguyen,P"]
[Black "Hertneck,G"]
[Result "1-0"]
[WhiteElo "2360"]
[BlackElo "2513"]

1.c4 e5 2.g3 Nf6 3.Bg2 d5 4.cxd5 Nxd5 5.Nc3 Nb6 6.Nf3 Nc6 7.O-O Be7 8.a3 O-O
9.b4 Re8 10.d3 Bf8 11.Bb2 a6 12.Rc1 Nd4 13.Nd2 c6 14.e3 Nb5 15.Nc4 Nxc3 16.Bxc3 Nxc4
17.dxc4 Qg5 18.Qc2 Qh5 19.c5 f6 20.a4 Bf5 21.e4 Be6 22.Bd2 Qf7 23.Rb1 Red8
24.Rfe1 h5 25.Be3 h4 26.Bf1 Qh5 27.Rb2 hxg3 28.hxg3 Bg4 29.Qb3+ Kh7 30.f3 Bxf3
31.Rh2 Qxh2+ 32.Kxh2 Bxe4 33.Qe6  1-0

[Event "13th OIBM"]
[Site "Bad Wiessee GER"]
[Date "2009.11.03"]
[Round "5"]
[White "Deglmann,L"]
[Black "Lederle,V"]
[Result "1-0"]
[WhiteElo "2329"]
[BlackElo "2168"]

1.g3 e5 2.c4 Nf6 3.Bg2 c6 4.d4 exd4 5.Qxd4 d5 6.cxd5 cxd5 7.Nf3 Be7 8.O-O O-O
9.Be3 Nc6 10.Qa4 Be6 11.Rd1 Qd7 12.Nc3 Rfd8 13.Rac1 h6 14.Nd4 Nxd4 15.Bxd4 Qxa4
16.Nxa4 Rac8 17.Rxc8 Rxc8 18.Nc3 b6 19.e3 Rd8 20.a3 Kf8 21.Kf1 Ne8 22.Ke1 f6
23.Rc1 Nc7 24.Bf3 Bd6 25.h4 Be5 26.Kd2 Bxd4 27.exd4 g5 28.Ne2 Rd7 29.a4 Ke7
30.hxg5 hxg5 31.Rh1 Kd6 32.Nc3 Rf7 33.Rh8 Kc6 34.Bh5 Re7 35.Rh6 f5 36.Be2 a6
37.Bd3 Kb7 38.Rg6 g4 39.b3 Bd7 40.Ne2 Rf7 41.Nf4 Bc6 42.Bf1 Ne8 43.Nd3 Rf6
44.Rxf6 Nxf6 45.Ke3 Ne4 46.Bg2 a5 47.Bxe4 dxe4 48.Nf4 b5 49.d5 Be8 50.axb5 Bxb5
51.Kd4 Kc7 52.Kc5 a4 53.bxa4 Bxa4 54.d6+ Kd7 55.Kd5 e3 56.fxe3 Bb5 57.Ke5 Bc4
58.Nd5 Bd3 59.Ne7  1-0

[Event "3rd Asian Indoor Team Rapid Prelim"]
[Site "Ha Long City VIE"]
[Date "2009.11.06"]
[Round "9"]
[White "Ghaem Maghami,E"]
[Black "Filippov,An UZB"]
[Result "1-0"]
[WhiteElo "2603"]
[BlackElo "2607"]

1.c4 e5 2.g3 Nc6 3.Bg2 d6 4.Nc3 Nf6 5.Nf3 Be7 6.d4 exd4 7.Nxd4 Nxd4 8.Qxd4 O-O
9.O-O c6 10.b3 Qa5 11.Bb2 Qh5 12.h4 Be6 13.Rad1 Qg6 14.Qf4 Nh5 15.Qd2 f5
16.e3 Rad8 17.Qc2 Bf6 18.Ne2 Be5 19.Nf4 Nxf4 20.exf4 Bxb2 21.Qxb2 Bf7 22.Rfe1 Rfe8
23.Qd4 Rxe1+ 24.Rxe1 c5 25.Qc3 Rd7 26.Qa5 b6 27.Qa6 Qf6 28.Qc8+ Qd8 29.Qxd8+ Rxd8
30.Re7 d5 31.cxd5 Bxd5 32.Rxa7 Bxg2 33.Kxg2 Rd2 34.h5 Rc2 35.Rb7 Rxa2 36.Rxb6 Rc2
37.Rb7 Rc3 38.Kh3 Rf3 39.Rb5 Rxf2 40.Rxc5 Rb2 41.Rb5 h6 42.g4 fxg4+ 43.Kxg4 Rg2+
44.Kf3 Rh2 45.Kg3 Rb2 46.Rb7 Rd2 47.b4 Rd4 48.b5 Rd5 49.Kg4 Kh7 50.f5 Rd4+
51.Kf3 Kg8 52.b6 Rb4 53.Ke3 Kh8 54.Kd3 Kg8 55.Kc3 Rb5 56.Rb8+ Kh7 57.Kc4 Rxf5
58.Rd8 Rf7 59.Rd6 Rf1 60.b7 Rb1 61.Rd7 Rb2 62.Kc5 Rb1 63.Kc6 Rb2 64.Kc7 Rb1
65.b8=Q Rxb8 66.Kxb8  1-0

[Event "TCh-FIN"]
[Site "Finland FIN"]
[Date "2009.11.08"]
[Round "5"]
[White "Niemi,M"]
[Black "Penttinen,J"]
[Result "1-0"]
[WhiteElo "2214"]
[BlackElo "2322"]

1.c4 e5 2.g3 g6 3.Bg2 Bg7 4.Nc3 d6 5.d3 f5 6.Nf3 Nf6 7.O-O Nc6 8.Rb1 a5 9.a3 O-O
10.b4 axb4 11.axb4 h6 12.e3 g5 13.d4 e4 14.Nd2 g4 15.Ne2 Nh7 16.Nf4 Ng5 17.b5 Ne7
18.Qb3 Kh7 19.Bb2 Ng6 20.Ra1 Rb8 21.Rfc1 Re8 22.Qb4 Nf3+ 23.Bxf3 gxf3 24.d5 Qg5
25.Bxg7 Nxf4 26.exf4 Qg4 27.Nf1 Qxg7 28.c5 dxc5 29.Qxc5 Bd7 30.Ne3 Rec8 31.h3 Qf6
32.Nc4 b6 33.Qb4 Rg8 34.Ne5 Qh4 35.Kh2 Qd8 36.Ra7 Rc8 37.d6 Rg7 38.Rcxc7 Rxc7
39.Rxc7  1-0

[Event "TCh-FIN 2009-10"]
[Site "Finland FIN"]
[Date "2009.11.14"]
[Round "4"]
[White "Kauko,J"]
[Black "Binham,T"]
[Result "1/2-1/2"]
[WhiteElo "2282"]
[BlackElo "2310"]

1.c4 e5 2.g3 f5 3.d4 exd4 4.Qxd4 Nc6 5.Qe3+ Kf7 6.Nf3 Nf6 7.Nc3 Bb4 8.a3 Re8
9.Qd3 Bxc3+ 10.Qxc3 Qe7 11.Qc2 d6 12.Bh3 h6 13.e3 Qe4 14.Qxe4 fxe4 15.Bxc8 Raxc8
16.Nd4 Ne5 17.b3 a6 18.O-O c5 19.Nf5 Rc6 20.Bb2 g6 21.Bxe5 Rxe5 22.Nh4 b5
23.Ng2 g5 24.f4 exf3 25.Rxf3 Kg6 26.Raf1 Ne4 27.Rf8 Re7 28.Rg8+ Rg7 29.Re8 Nd2
30.Re6+ Kh7 31.cxb5 axb5 32.Rff6 Nxb3 33.Rxh6+ Kg8 34.Rxd6 Rxd6 35.Rxd6 Ra7
36.Kf2 Rxa3 37.Kf3 Ra2 38.Rg6+ Kf7 39.Rxg5 b4 40.h4 Nd2+ 41.Kf4 b3 42.Rxc5 b2
43.Rb5 b1=Q 44.Rxb1 Nxb1 45.Ne1 Rf2+ 46.Kg4 Re2 47.Nf3 Rxe3 48.h5 Nc3 49.Kf4 Nd5+
50.Kg4 Nf6+ 51.Kf4 Re4+ 52.Kf5 Re3 53.Ne5+ Kg7 54.h6+ Kxh6 55.Kxf6  1/2-1/2

[Event "TCh-FIN 2009-10"]
[Site "Finland FIN"]
[Date "2009.11.14"]
[Round "4"]
[White "Niemi,M"]
[Black "Hartikainen,M"]
[Result "0-1"]
[WhiteElo "2238"]
[BlackElo "2312"]

1.c4 e5 2.g3 Nf6 3.Bg2 Bc5 4.Nc3 O-O 5.Nf3 d6 6.O-O Nc6 7.e3 Bb6 8.Nd5 Nxd5
9.cxd5 Ne7 10.d4 e4 11.Nd2 f5 12.f3 exf3 13.Bxf3 a6 14.Nc4 Ba7 15.b4 Bd7
16.a4 Kh8 17.Kh1 Ng8 18.Bd2 Nf6 19.Na5 Rb8 20.Qc2 Qe7 21.b5 axb5 22.axb5 Bb6
23.Qb3 Ne4 24.Nc4 Rbe8 25.Ba5 Bxa5 26.Rxa5 Rf6 27.Ra7 Bc8 28.Qc2 Qf7 29.b6 Qxd5
30.bxc7 Qc6 31.Na3 Qxc2 32.Nxc2 Nd2 33.Rf2 Nxf3 34.Rxf3 Rf7 35.Nb4 Rxc7 36.Nd5 Rc1+
37.Kg2 Bd7 38.Nb6 Bb5 39.Rxf5 Bd3 40.Rf2 h5 41.Ra5 g6 42.Nd5 Kg7 43.Rb2 Kh6
44.h4 Be4+ 45.Kf2 Rh1 46.Rb3 Rf8+ 47.Ke2 Rh2+ 48.Ke1 Bxd5 49.Rxd5 Ra8  0-1

[Event "TCh-NED 2009-10"]
[Site "Netherlands NED"]
[Date "2009.11.21"]
[Round "3"]
[White "Van der Werf,M"]
[Black "Leenhouts,K"]
[Result "1-0"]
[WhiteElo "2411"]
[BlackElo "2409"]

1.c4 e5 2.g3 Nf6 3.Bg2 Nc6 4.Nc3 Bc5 5.Nf3 O-O 6.O-O a5 7.Nxe5 Nxe5 8.d4 Ba7
9.dxe5 Ng4 10.Nb5 Bb6 11.Qc2 c6 12.Nd6 Nxe5 13.c5 Ba7 14.Qc3 f6 15.Be3 Kh8
16.a3 b6 17.b4 Ba6 18.b5 cxb5 19.Bxa8 Qxa8 20.cxb6 b4 21.axb4 Bxe2 22.b7 Qb8
23.Bxa7 Qxd6 24.Qc5 Nf3+ 25.Kg2 Ng5 26.f3  1-0

[Event "ch-IND National A"]
[Site "Mumbai IND"]
[Date "2009.12.03"]
[Round "3"]
[White "Koshy,V"]
[Black "Anwesh,U"]
[Result "1/2-1/2"]
[WhiteElo "2280"]
[BlackElo "2406"]

1.c4 e5 2.g3 Nc6 3.Bg2 Nf6 4.Nc3 Bc5 5.e3 O-O 6.Nge2 d5 7.cxd5 Nb4 8.d3 Nbxd5
9.Nxd5 Nxd5 10.O-O c6 11.d4 exd4 12.Nxd4 Re8 13.a3 Bb6 14.Qa4 Bd7 15.Qc4 Qf6
16.Nb3 Be6 17.Qc2 Bg4 18.Bd2 Rad8 19.Rae1 Nc7 20.Na5 Qf5 21.Qxf5 Bxf5 22.Bc3 Bxa5
23.Bxa5 b6 24.Bc3 Bd3 25.Bxc6 Re6 26.Ba4 Bxf1 27.Kxf1 b5 28.Bb3 Rc6 29.h4 Ne6
30.Ke2 Nc5 31.Bc2 a6 32.Rh1 Ne6 33.Be4 Rcc8 34.Ra1 Nc5 35.Bc2 Nb7 36.Be4 Nd6
37.Bd3 Nc4 38.a4 b4 39.Bd4 Na5 40.Bb6 Nb3 41.Rd1 Re8 42.Bxa6 Rc2+ 43.Ke1 Rxb2
44.a5 Rc2 45.Bb7 Nc5 46.a6 b3 47.Bxc5 Rxc5 48.Rb1 Ra5 49.Rxb3 Re6 50.Rd3 Kf8
51.Ke2 Ke7 52.g4 Rb6 53.f4 Rb2+ 54.Kf3 Rb6 55.g5 h5 56.Kg3 g6 57.Rc3 Kd7
58.Rd3+ Ke7 59.Rc3 Kd7 60.Rd3+  1/2-1/2

[Event "Open"]
[Site "Pilsen CZE"]
[Date "2009.12.05"]
[Round "1"]
[White "Turner,R"]
[Black "Spreer,L"]
[Result "1-0"]
[WhiteElo "2079"]
[BlackElo "1759"]

1.c4 e5 2.g3 Nf6 3.Bg2 d5 4.cxd5 Nxd5 5.Nf3 Nc6 6.O-O Bd6 7.d4 Ndb4 8.Nxe5 Bxe5
9.a3 Nxd4 10.axb4 O-O 11.e3 Nb5 12.Qh5 Qf6 13.Qe2 c6 14.Nd2 Nd6 15.Rb1 Qg6
16.f4 Bf6 17.e4 Bd4+ 18.Kh1 Re8 19.Qd3 Nb5 20.f5 Qf6 21.Nf3 a5 22.bxa5 Rxa5
23.Bg5 Qd6 24.Bf4 Qc5 25.b4 Ra3 26.Qxa3 Nxa3 27.bxc5 Nxb1 28.Nxd4 Nc3 29.Re1 Rd8
30.Bd6 g6 31.Rc1 Na2 32.Ra1 Nb4 33.Ra8 Re8 34.e5 Nd3 35.f6 Bd7 36.Rxe8+ Bxe8
37.Kg1 Bd7 38.Bf1 Nb4 39.Bc4 Nd5 40.Bxd5 cxd5 41.Kf2 h5 42.h4 Bg4 43.Ke3 Bd7
44.Ne2 Bc6 45.Nf4 Kh7 46.e6 Kg8 47.Nxg6 fxe6 48.Ne7+ Kf7 49.Nxc6 bxc6 50.Be5 Kg6
51.Kf4 Kf7 52.Kg5 Kg8 53.Kg6 d4 54.f7+  1-0

[Event "Open"]
[Site "Pilsen CZE"]
[Date "2009.12.07"]
[Round "3"]
[White "Turner,R"]
[Black "Blecha,Mir"]
[Result "1/2-1/2"]
[WhiteElo "2079"]
[BlackElo "2218"]

1.c4 e5 2.g3 Nc6 3.Bg2 f5 4.Nc3 Nf6 5.d3 Bb4 6.Bd2 O-O 7.e3 Bxc3 8.Bxc3 d6
9.Ne2 Qe8 10.Qd2 Be6 11.b3 Rd8 12.Qb2 Kh8 13.d4 Bg8 14.d5 Ne7 15.O-O Qh5
16.h3 Ne4 17.Be1 c6 18.f3 Nc5 19.dxc6 Nxc6 20.Rd1 Be6 21.Bc3 Rd7 22.f4 e4
23.Nc1 Qg6 24.Qf2 a5 25.Rd2 b6 26.Rfd1 Rfd8 27.Bf1 Ne7 28.Bd4 Nc6 29.Bc3  1/2-1/2

[Event "Open"]
[Site "Pilsen CZE"]
[Date "2009.12.08"]
[Round "5"]
[White "Turner,R"]
[Black "Palek,M"]
[Result "1/2-1/2"]
[WhiteElo "2079"]
[BlackElo "2233"]

1.c4 e5 2.g3 Nf6 3.Bg2 d5 4.cxd5 Nxd5 5.Nf3 Nc6 6.O-O Nde7 7.d3 g6 8.b3 Bg7
9.Bb2 O-O 10.Qc1 Nf5 11.Nbd2 Nfd4 12.Re1 Re8 13.a3 Nxf3+ 14.Nxf3 Be6 15.Nd2 Bd5
16.Bxd5 Qxd5 17.Qc4 Qxc4 18.Nxc4 e4 19.dxe4 Bxb2 20.Nxb2 Nd4 21.Rac1 Rxe4
22.Kf1 c6 23.b4 a5 24.bxa5 Nb3 25.Rc3 Nd2+ 26.Kg2 Rxa5 27.Rd3 Rd5 28.Rxd5 cxd5
29.e3 Re6 30.Rd1 Nc4 31.Nxc4 dxc4 32.Rd7 b5 33.Rd5  1/2-1/2

[Event "Open"]
[Site "Pilsen CZE"]
[Date "2009.12.11"]
[Round "8"]
[White "Golcman,E"]
[Black "Mikulas,D"]
[Result "1-0"]
[WhiteElo "2290"]
[BlackElo "2210"]

1.c4 e5 2.g3 Nc6 3.Bg2 d6 4.Nc3 f5 5.d3 Nf6 6.Nf3 g6 7.O-O Bg7 8.Rb1 O-O
9.b4 h6 10.b5 Ne7 11.a4 Kh7 12.Ba3 Be6 13.Qc2 g5 14.Rfc1 Ng6 15.Nd2 Rb8 16.Nd5 Rg8
17.e3 Ne7 18.a5 Bf7 19.Ra1 f4 20.Nxe7 Qxe7 21.c5 Rgc8 22.Ne4 fxe3 23.fxe3 Nd5
24.Qe2 dxc5 25.Bxc5 Qd7 26.Bxa7 Ra8 27.b6 cxb6 28.axb6 Nxb6 29.Bxb6 Rxa1
30.Rxa1 Qe6 31.Rb1 Be8 32.Nf2 Ra8 33.Bxb7 Ra2 34.Qf3 Qd6 35.Be4+ Kh8 36.Qf5  1-0

[Event "Open"]
[Site "Pilsen CZE"]
[Date "2009.12.12"]
[Round "9"]
[White "Golcman,E"]
[Black "Gunajew,R"]
[Result "1/2-1/2"]
[WhiteElo "2290"]
[BlackElo "2225"]

1.c4 e5 2.g3 Nc6 3.Bg2 g6 4.Nc3 Bg7 5.Nf3 Nf6 6.d4 exd4 7.Nxd4 O-O 8.O-O Re8
9.Nc2 d6 10.b3 Be6 11.Bb2 Qd7 12.Qd2 Bh3 13.Ne3 Bxg2 14.Kxg2 Ne7 15.Rad1 a6
16.Qd3 Qc6+ 17.Kg1 h5 18.Rd2 Rac8 19.Rc1 Qd7 20.Ng2 Bh6 21.e3 Nc6 22.f4 Bg7
23.e4 Qh3 24.Nh4 Nb4 25.Qf3 Ng4 26.Nd5 Bxb2 27.Rxb2 Nxd5 28.cxd5 c6 29.Rbc2 Nf6
30.dxc6 bxc6 31.Re2 d5 32.e5 Ne4 33.Qd3 a5 34.Nf3 Qg4 35.Kg2 Red8 36.Nd2 Nxd2
37.Qxd2 h4 38.Re3 c5 39.h3 Qf5 40.Qd3 Qxd3 41.Rxd3 hxg3 42.Kxg3 Rd7 43.Rcd1 Rcd8  1/2-1/2

[Event "ch-VIE Men Masters"]
[Site "Ho Chi Minh City VIE"]
[Date "2009.12.14"]
[Round "6"]
[White "Vo Thanh Ninh"]
[Black "Tran Thanh Tu"]
[Result "1/2-1/2"]
[WhiteElo "2340"]
[BlackElo "2258"]

1.c4 e5 2.g3 Nf6 3.Bg2 d5 4.cxd5 Nxd5 5.Nf3 Nc6 6.O-O Nb6 7.d3 Be7 8.a3 O-O
9.Nbd2 a5 10.b3 Be6 11.Bb2 f6 12.Qc2 Rf7 13.Nc4 Bf8 14.Nfd2 Qe8 15.Rfc1 Nc8
16.Bc3 N8e7 17.Nf3 Nd5 18.Bb2 Rd7 19.e3 Qh5 20.d4 exd4 21.Nxd4 Nxd4 22.Bxd4 c5
23.Bb2 b5 24.e4 bxc4 25.exd5 cxb3 26.Qxb3 Bxd5 27.Bxd5+ Qxd5 28.Qxd5+ Rxd5
29.Rc4 a4 30.Re1 Rb8 31.Re2 Rd1+ 32.Kg2 Rb1 33.Bc1 Ra1 34.Rcc2 Rbb1 35.Be3  1/2-1/2